000 00334nam a2200133Ia 4500
005 20251222155120.0
008 251222s9999||||xx |||||||||||||| ||spa||
082 _aEBA.87
100 _aBRAVO PEÑA Mery.
245 0 _aGuia metodológica del proceso de atención de enfer.
250 _a1ra. ed.
264 _bASPEDEN
942 _cLIB
999 _c38399
_d38399